| 000 | 00960nam a22002535a 4500 | ||
|---|---|---|---|
| 003 | OSt | ||
| 005 | 20170123152344.0 | ||
| 008 | 160922s2014 ua frb 000 0 ara d | ||
| 015 | _22014 / 13976 | ||
| 020 | _a9789770475775 | ||
| 040 |
_aEG-ScBUE _bara _cEG-ScBUE _dEG-ScBUE |
||
| 082 | 0 | 4 |
_a345.01 _bم س د _222 |
| 100 | 1 | _aمسدي، عادل عبد الله. | |
| 245 | 1 | 2 |
_aالمحكمة الجنائية الدولية : _bالاختصاص وقواعد الإحالة / _cعادل عبد الله المسدي. |
| 250 | _aط. 2، مزيدة ومنقحة. | ||
| 260 |
_aالقاهرة : _bدار النهضة العربية، _c2014. |
||
| 300 |
_a348 ص. ؛ _c24 سم. |
||
| 504 | _aيشتمل على إرجاعات ببليوجرافية. | ||
| 650 | 7 |
_aالمحكمة الجنائية الدولية. _2BUEsh |
|
| 650 | 7 |
_aالقانون الدولي الجنائي. _2BUEsh |
|
| 651 | _2BUEsh | ||
| 653 |
_bLLAAWW _cJanuary2017 |
||
| 942 | _2ddc | ||
| 999 |
_c23997 _d23969 |
||